Digging for history / (Record no. 23485)

MARC details
000 -LEADER
fixed length control field 00654cam a22002411 4500
001 - CONTROL NUMBER
control field 8431545
003 - CONTROL NUMBER IDENTIFIER
control field BDDh-ASL
005 - DATE AND TIME OF LATEST TRANSACTION
control field 20231015030240.0
008 - FIXED-LENGTH DATA ELEMENTS--GENERAL INFORMATION
fixed length control field 910819s1960 enkf 000 0 eng
010 ## - LIBRARY OF CONGRESS CONTROL NUMBER
LC control number 61003157
035 ## - SYSTEM CONTROL NUMBER
System control number (OCoLC)25450466
040 ## - CATALOGING SOURCE
Original cataloging agency DLC
Transcribing agency CaSRU
Modifying agency DLC
-- BDDh-ASL
042 ## - AUTHENTICATION CODE
Authentication code premarc
050 00 - LIBRARY OF CONGRESS CALL NUMBER
Classification number CC100
Item number .B3 1960
082 ## - DEWEY DECIMAL CLASSIFICATION NUMBER
Classification number 930.1
Item number BAD
100 1# - MAIN ENTRY--PERSONAL NAME
Personal name Bacon, Edward.
245 10 - TITLE STATEMENT
Title Digging for history /
260 ## - PUBLICATION, DISTRIBUTION, ETC.
Place of publication, distribution, etc. London:
Name of publisher, distributor, etc. A. & C. Black,
Date of publication, distribution, etc. [1960]
300 ## - PHYSICAL DESCRIPTION
Extent 320 p. :
Other physical details 58 plates.
Dimensions 26 cm.
650 #0 - SUBJECT ADDED ENTRY--TOPICAL TERM
Topical term or geographic name entry element Excavations (Archaeology)
906 ## - LOCAL DATA ELEMENT F, LDF (RLIN)
a 7
b cbc
c oclcrpl
d u
e ncip
f 19
g y-gencatlg
942 ## - ADDED ENTRY ELEMENTS (KOHA)
Source of classification or shelving scheme Dewey Decimal Classification
Koha item type Books
Holdings
Withdrawn status Lost status Source of classification or shelving scheme Damaged status Not for loan Collection code Home library Current library Shelving location Date acquired Source of acquisition Total Checkouts Full call number Barcode Date last seen Copy number Price effective from Koha item type Public note
    Dewey Decimal Classification     Non-fiction Asiatic Society Library Asiatic Society Library General Stacks 03/26/2021 ASB Library Collections   930.1 BAD 107930 03/26/2021 C-1 03/26/2021 Books RARE

Powered by Koha